| 000 | 01296nam1a2200253 i 4500 | ||
|---|---|---|---|
| 001 | RU\NLR\BIBL_A\010651222 | ||
| 005 | 20241103092232.0 | ||
| 035 | _a(NLR Aleph) 010651222 | ||
| 090 |
_a10705185 _c10705185 |
||
| 100 | _a20141224g20149999u y0rusy50 ca | ||
| 101 | 0 | _arus | |
| 102 | _aRU | ||
| 105 | _a||||j ||||| | ||
| 200 | 1 |
_aЭкология _eвведение в профессию _eучебное пособие _fВ.В. Дроздов, С.А. Панихидников _gФедер. агентство связи, Федер. гос. образоват. бюджет. учреждение высш. проф. образования "С.-Петерб. гос. ун-т телекоммуникаций им. проф. М.А. Бонч-Бруевича" |
|
| 210 |
_aСанкт-Петербург _cСПбГУТ _d2014 |
||
| 215 | _d21 | ||
| 606 |
_aЭкология _jУчебные издания для высших учебных заведений _9939347 _3RU\NLR\AUTH\6628592 |
||
| 686 | 1 | _aЕ081я731 | |
| 700 | 1 |
_aДроздов _bВ. В. _gВладимир Владимирович |
|
| 701 | 1 |
_aПанихидников _bС. А. _gСергей Александрович |
|
| 852 |
_aNLR _j2014-4/15955 |
||
| 942 | _cBOOK | ||